000 00550nam a22002057a 4500
005 20220602113008.0
008 220602b ||||| |||| 00| 0 eng d
040 _cAL
041 _aEnglish
082 _223
_a954.035
_bWATT
100 _aFrancis Watson and others
_940060
245 _aTalking of Gandhi
260 _aNew Delhi
_bOrient Longman Ltd
_c1957
300 _a18x11 cm.
365 _c
_d₹10.00
650 _aMahatma Gandhi
_940061
700 _aWATSON (Francis)
_940062
700 _aTENNYSON (Hallam)
_940063
942 _2ddc
_cGF
999 _c223202
_d223202